Element - Pop Smoke (All Lyrics) - Statistics

General Stats
  • This quiz has been taken 18 times
  • The average score is 219 of 351
Answer Stats
Answer % Correct
a
100%
I
100%
like
100%
me,
100%
me
100%
me?
100%
dark
91%
element
91%
I'm
91%
in
91%
love
91%
melanin
91%
my
91%
nigga,
91%
the
91%
to
91%
bitch
82%
bitch,
82%
but
82%
But
82%
gangster,
82%
go
82%
He
82%
hit
82%
it
82%
just
82%
might
82%
party
82%
skins,
82%
what
82%
be
73%
had
73%
have
73%
have,
73%
her
73%
not
73%
on,
73%
on)
73%
on
73%
Pop
73%
steppin'
73%
tell
73%
that
73%
that's
73%
That's
73%
and
64%
And
64%
bitches,
64%
bottles
64%
Brooklyn
64%
cold-hearted
64%
hold
64%
(Hold
64%
Lambo',
64%
money
64%
'Rari
64%
raw,
64%
retarded
64%
Thirty
64%
you
64%
bad
55%
broke
55%
don't
55%
'em
55%
freaky
55%
fuck
55%
happen
55%
Justin
55%
need
55%
peaches
55%
pussy
55%
RiRi
55%
second
55%
see
55%
send
55%
she
55%
She
55%
switch
55%
they
55%
why
55%
your
55%
All
45%
all
45%
Azul,
45%
Bieber,
45%
can
45%
cappin'
45%
Christian
45%
Disrespect
45%
eat
45%
good,
45%
green
45%
kiwi
45%
leave
45%
of
45%
take
45%
taste
45%
them
45%
tryna
45%
TV"
45%
actin'
36%
always
36%
AP,
36%
believe
36%
boy,
36%
can't
36%
creepy
36%
gyal
36%
gyal,
36%
Huh,
36%
I'll
36%
jeweler
36%
Now
36%
one,
36%
Perky,
36%
please
36%
said,
36%
talk
36%
told
36%
up,
36%
with
36%
(Woah),
36%
blastin'
27%
call
27%
'cause
27%
cause
27%
chunky
27%
Every
27%
for
27%
hangin'
27%
I'd
27%
If
27%
more
27%
niggas
27%
Nothin'
27%
once
27%
opps
27%
Patek
27%
pretty
27%
protect
27%
rather
27%
real
27%
snappin'
27%
than
27%
then
27%
time
27%
wanna
27%
war,
27%
ain't
18%
flat?
18%
Grr,
18%
leeches
18%
Louboutin
18%
'Member
18%
off
18%
pockets
18%
stackin'?"
18%
start
18%
ugly
18%
"What's
18%
"Wow,
18%
bullets
9%
flower
9%
it's
9%
lapped
9%
mad,
9%
make
9%
never
9%
settings
9%
tellin'
9%
Traded
9%
VVS
9%
MiMi
0%
rod
0%
saw
0%
(Wait)
0%
Yoz,
0%
No matching quizzes found
Score Distribution
Percent of People with Each Score
Percentile by Number Answered
Your Score History
You have not taken this quiz